100 Films de SF (2010-2017) - Statistiques

Statistiques générales
  • Ce quiz a été pris 751 fois
  • Le résultat moyen est 27 sur 100
Statistiques - réponses
Année Acteurs/Actrices Film / Saga % Correct
2010 Robert Downey Jr., Don Cheadle Iron Man 2
87%
2013 Robert Downey Jr., Gwyneth Paltrow Iron Man 3
87%
2012 Robert Downey Jr., Chris Evans Avengers
75%
2015 Robert Downey Jr., Chris Evans Avengers - L'Ere d'Ultron
75%
2010 Leonardo DiCaprio, Marion Cotillard Inception
70%
2012 Jennifer Lawrence, Josh Hutcherson Hunger Games
67%
2014 Jennifer Lawrence, Josh Hutcherson Hunger Games - La Révolte - Partie 1
67%
2015 Jennifer Lawrence, Josh Hutcherson Hunger Games - La Révolte - Partie 2
67%
2013 Jennifer Lawrence, Josh Hutcherson Hunger Games - L'Embrasement
67%
2011 Chris Evans, Hayley Atwell Captain America - First Avenger
64%
2014 Chris Evans, Scarlett Johansson Captain America - Le Soldat de l'Hiver
64%
2014 Chris Pratt, Zoe Saldana Les Gardiens de la Galaxie
58%
2017 Chris Pratt, Zoe Saldana Les Gardiens de la Galaxie 2
58%
2016 James McAvoy, Michael Fassbender X-Men - Apocalypse
56%
2014 Hugh Jackman, James McAvoy X-Men - Days of Future Past
56%
2011 James McAvoy, Michael Fassbender X-Men - Le Commencement
56%
2016 Felicity Jones, Diego Luna Rogue One - A Star Wars Story
55%
2015 Daisy Ridley, John Boyega Star Wars - Le Réveil de la Force
55%
2017 Daisy Ridley, John Boyega Star Wars - The Last Jedi
55%
2014 Matthew McConaughey, Anne Hathaway Interstellar
50%
2010 Sam Worthington, Zoe Saldana Avatar
45%
2014 Shailene Woodley, Theo James Divergente
43%
2015 Shailene Woodley, Theo James Divergente 2 - L'Insurrection
43%
2016 Shailene Woodley, Theo James Divergente 3 - Au-Delà du Mur
43%
2011 Shia LaBeouf, Rosie Huntington-Whiteley Transformers 3 - La Face Cachée de la Lune
42%
2014 Mark Wahlberg, Stanley Tucci Transformers - L'Âge de l'Extinction
42%
2017 Mark Wahlberg, Anthony Hopkins Transformers - The Last Knight
42%
2014 Scarlett Johansson, Morgan Freeman Lucy
41%
2012 Will Smith, Tommy Lee Jones Men in Black III
40%
2015 Arnold Schwarzenegger, Jason Clarke Terminator Genisys
39%
2015 Paul Rudd, Evangeline Lilly Ant-Man
38%
2014 Dylan O'Brien, Aml Ameen Le Labyrinthe
38%
2015 Dylan O'Brien, Ki Hong Lee Le Labyrinthe 2 - La Terre Brûlée
38%
2017 Ryan Gosling, Harrison Ford Blade Runner 2049
37%
2013 Sandra Bullock, George Clooney Gravity
36%
2016 Jennifer Lawrence, Chris Pratt Passengers
35%
2015 Chris Pratt, Bryce Dallas Howard Jurassic World
32%
2015 Matt Damon, Jessica Chastain Seul sur Mars
31%
2017 Dane DeHaan, Cara Delevingne Valérian et la Cité des Mille Planètes
31%
2017 Hugh Jackman, Patrick Stewart Logan
30%
2015 Tom Hardy, Charlize Theron Mad Max - Fury Road
28%
2013 Chris Pine, Zachary Quinto Star Trek - Into Darkness
28%
2016 Chris Pine, Zachary Quinto Star Trek - Sans Limites
28%
2017 Katherine Waterston, Michael Fassbender Alien - Covenant
25%
2014 Tom Cruise, Emily Blunt Edge of Tomorrow
25%
2014 Andy Serkis, Jason Clarke La Planète des Singes - L'Affrontement
23%
2011 James Franco, Freida Pinto La Planète des Singes - Les Origines
23%
2017 Andy Serkis, Woody Harrelson La Planète des Singes - Suprématie
23%
2013 Jaden Smith, Will Smith After Earth
20%
2015 Channing Tatum, Mila Kunis Jupiter - Le Destin de l'Univers
18%
2016 Amy Adams, Jeremy Renner Premier Contact
17%
2012 Milla Jovovich, Michelle Rodriguez Resident Evil - Retribution
17%
2013 Tom Cruise, Olga Kurylenko Oblivion
16%
2011 Amanda Seyfried, Justin Timberlake Time Out
16%
2010 Adrien Brody, Alice Braga Predators
15%
2012 Bruce Willis, Joseph Gordon-Levitt Looper
14%
2012 Noomi Rapace, Michael Fassbender Prometheus
14%
2012 Taylor Kitsch, Rihanna Battleship
13%
2014 Aaron Taylor-Johnson, Bryan Cranston Godzilla
13%
2016 Michael Fassbender, Marion Cotillard Assassin's Creed
12%
2011 Harrison Ford, Daniel Craig Cowboys & Envahisseurs
12%
2013 Matt Damon, Jodie Foster Elysium
11%
2013 Simon Pegg, Nick Frost Le Dernier Pub avant le Fin du Monde
11%
2013 Vin Diesel, Karl Urban Riddick
11%
2013 Brad Pitt, Mireille Enos World War Z
11%
2012 Colin Farrell, Kate Beckinsale Total Recall - Mémoires Programmées
10%
2013 Tom Hanks, Halle Berry Cloud Atlas
9%
2011 Simon Pegg, Nick Frost Paul
9%
2017 Scarlett Johansson, Juliette Binoche Ghost in the Shell
8%
2017 Jake Gyllenhaal, Ryan Reynolds Life - Origine Inconnue
8%
2013 Bruce Willis, Channing Tatum G.I. Joe - Conspiration
7%
2016 Liam Hemsworth, Jeff Goldblum Independence Day - Resurgence
7%
2011 Hugh Jackman, Dakota Goyo Real Steel
7%
2013 Chris Evans, Jamie Bell Snowpiercer - Le Transperceneige
7%
2011 Jeff Bridges, Garrett Hedlund Tron l'Héritage
7%
2015 Sharlto Copley, Dev Patel Chappie
6%
2012 Taylor Kitsch, Lynn Collins John Carter
6%
2013 Harrison Ford, Asa Butterfield La Stratégie Ender
6%
2014 Joel Kinnaman, Gary Oldman Robocop
6%
2014 Johnny Depp, Rebecca Hall Transcendance
6%
2011 Marion Cotillard, Matt Damon Contagion
5%
2011 Matt Damon, Emily Blunt L'Agence
5%
2016 Mary Elizabeth Winstead, John Goodman 10 Cloverfield Lane
4%
2015 George Clooney, Hugh Laurie A la Poursuite de Demain
4%
2013 Karl Urban, Olivia Thirlby Dredd
4%
2012 Guy Pearce, Maggie Grace Lock Out
4%
2011 Alex Pettyfer, Timothy Olyphant Numéro Quatre
4%
2015 Adam Sandler, Michelle Monaghan Pixels
4%
2017 Dacre Montgomery, RJ Cyler Power Rangers
4%
2010 Jude Law, Forest Whitaker Repo Men
4%
2015 Colin Farrell, Rachel Weisz The Lobster
4%
2011 Paul Bettany, Karl Urban Priest
3%
2010 Sarah Polley, Adrien Brody Splice
3%
2011 Kyle Chandler, Joel Courtney Super 8
3%
2013 Jim Sturgess, Kirsten Dunst Upside Down
3%
2010 Ethan Hawke, Willem Dafoe Daybreakers
2%
2010 Whitney Able, Scoot McNairy Monsters
2%
2011 Aaron Eckhart, Michelle Rodriguez World Invasion : Battle Los Angeles
2%
2011 Warren Christie, Ryan Robbins Apollo 18
1%
2010 Eric Balfour, Scottie Thompson Skyline
1%
Aucun quiz correspondant
Distribution des résultats
% des personnes avec chaque résultat
Percentile par nombre de réponses
Votre historique - résultats
Vous n’avez pas pris ce quiz